Topics in the theoretical bases and applications of computer science proceedings of the 4th Hungarian computer science conference Györ, Hungary, july 8-10, 1985

Guardado en:
Detalles Bibliográficos
Formato: Libro
Lenguaje:inglés
Publicado: Budapest Akadémiai Kiadó 1986
Etiquetas: Agregar Etiqueta
Sin Etiquetas, Sea el primero en etiquetar este registro!

MARC

LEADER 00000nam a2200000 4500
001 c104792
005 20230118110153.2
041 0 |a eng 
044 |a HU 
245 1 0 |a Topics in the theoretical bases and applications of computer science  |b proceedings of the 4th Hungarian computer science conference Györ, Hungary, july 8-10, 1985 
264 1 |a Budapest  |b Akadémiai Kiadó  |c 1986